Thukhun thak hunlai leh laibute / (Record no. 10061)

MARC details
000 -LEADER
fixed length control field 00487nam a22001817a 4500
003 - CONTROL NUMBER IDENTIFIER
control field GBCCL
005 - DATE AND TIME OF LATEST TRANSACTION
control field 20241126110724.0
008 - FIXED-LENGTH DATA ELEMENTS--GENERAL INFORMATION
fixed length control field 240219b ||||| |||| 00| 0 eng d
040 ## - CATALOGING SOURCE
Transcribing agency GBC
082 ## - DEWEY DECIMAL CLASSIFICATION NUMBER
Classification number VER 225.9
Item number PAO
100 ## - MAIN ENTRY--PERSONAL NAME
Personal name Phungzapao, N.
9 (RLIN) 7264
245 ## - TITLE STATEMENT
Title Thukhun thak hunlai leh laibute /
Statement of responsibility, etc. N. Phungzapao
250 ## - EDITION STATEMENT
Edition statement revised and edited
260 ## - PUBLICATION, DISTRIBUTION, ETC.
Place of publication, distribution, etc. New Lamka:
Name of publisher, distributor, etc. Author,
Date of publication, distribution, etc. 2012
300 ## - PHYSICAL DESCRIPTION
Extent 143p. ;
650 ## - SUBJECT ADDED ENTRY--TOPICAL TERM
Topical term or geographic name entry element Bible
Form subdivision New Testament
General subdivision study
9 (RLIN) 10016
942 ## - ADDED ENTRY ELEMENTS (KOHA)
Source of classification or shelving scheme Dewey Decimal Classification
Koha item type Books
Holdings
Withdrawn status Lost status Source of classification or shelving scheme Damaged status Not for loan Home library Current Library Shelving location Date acquired Total checkouts Full call number Barcode Date last seen Date last checked out Copy number Price effective from Koha item type
    Dewey Decimal Classification     GRACE BIBLE COLLEGE GRACE BIBLE COLLEGE Vernacular 2024-02-19 1 VER 225.9 PAO 020704 2025-05-01 2025-01-16 c.1 2024-02-19 Books
    Dewey Decimal Classification     GRACE BIBLE COLLEGE GRACE BIBLE COLLEGE Vernacular 2024-02-19   VER 225.9 PAO 020705 2025-05-01   c.2 2024-02-19 Books
© Grace Bible College Library 2025